Sharing power : learning-by-doing in co-management of natural resources throughout the world /

Bibliographic Details
Other Authors: Borrini, Grazia, Jaireth, Hanna
Format: Book
Language:English
Published: London ; Sterling, VA : Earthscan, 2007.
Subjects:

MARC

Tag First Indicator Second Indicator Subfields
LEADER 00000cam a22000004a 4500
001 in00002360921
005 20210111164856.0
008 070918s2007 enka b 001 0 eng
010 |a  2007038442 
019 |a 166384650 
020 |a 9781844074976 (pbk. : alk. paper) 
020 |a 1844074978 (pbk. : alk. paper) 
035 |a (OCoLC)ocn173218756 
035 |a (OCoLC)173218756  |z (OCoLC)166384650 
040 |a DLC  |c DLC  |d YDXCP  |d BAKER  |d BTCTA  |d BWKUK  |d UtOrBLW 
049 |a TXAM 
050 0 0 |a HC85  |b .S53 2007 
082 0 0 |a 333.7  |2 22 
245 0 0 |a Sharing power :  |b learning-by-doing in co-management of natural resources throughout the world /  |c Grazia Borrini-Feyerabend [and others] ; with Hanna Jaireth [and others]. 
246 3 0 |a Co-management of natural resources throughout the world 
264 1 |a London ;  |a Sterling, VA :  |b Earthscan,  |c 2007. 
300 |a xxxvii, 473 pages :  |b illustrations (some color) ;  |c 28 cm. 
336 |a text  |b txt  |2 rdacontent 
337 |a unmediated  |b n  |2 rdamedia 
338 |a volume  |b nc  |2 rdacarrier 
504 |a Includes bibliographical references (pages 432-456) and index. 
650 0 |a Natural resources  |x Co-management. 
650 0 |a Natural areas  |x Management  |x Citizen participation. 
650 0 |a Sustainable development  |x Citizen participation. 
650 0 |a Ethnoecology. 
650 0 |a Environmental policy. 
700 1 |a Borrini, Grazia. 
700 1 |a Jaireth, Hanna. 
938 |a YBP Library Services  |b YANK  |n 100476951 
938 |a Baker and Taylor  |b BTCP  |n BK0007394723 
938 |a Baker & Taylor  |b BKTY  |c 97.50  |d 97.50  |i 1844074978  |n 0007394723  |s active 
945 |a PromptCat  |b 354469 
946 |a stk 
947 |a A14836833022 
994 |a 92  |b TXA 
948 |a cataloged  |b h  |c 2008/3/18  |d c  |e asalazar  |f 5:07:47 pm 
999 |a MARS 
999 f f |s 2e61abcc-714c-3654-b420-05745eddc0f4  |i 334f4349-6c25-35eb-907a-0ef3f2cdf09b  |t 0 
952 f f |p normal  |a Texas A&M University  |b College Station  |c Sterling C. Evans Library  |d Evans: Library Stacks  |t 0  |e HC85 .S53 2007  |h Library of Congress classification  |i unmediated -- volume  |m A14836833022 
998 f f |a HC85 .S53 2007  |t 0  |l Evans: Library Stacks